Wheat-growing in Canada, the United States and the Argentine : including comparisons with other areas /

Bibliographic Details
Main Author: Rutter, W. P. (William Pickering), 1877-
Format: Book
Language:English
Published: London : A. and C. Black, 1911.
Subjects:

MARC

Tag First Indicator Second Indicator Subfields
LEADER 00000cam a2200000 4500
001 in00000042675
005 20151007074822.0
008 761108s1911 enkad b 00010 eng
010 |a  11025079  
035 |a (OCoLC)02546086 
035 |9 AAF2154AM 
040 |a DLC  |c OHI  |d TXA  |d UtOrBLW 
049 |a TXAM  |c [2006] 
050 0 |a HD9049.W4  |b R8 
092 |a 633.11  |b R982 
100 1 |a Rutter, W. P.  |q (William Pickering),  |d 1877- 
245 1 0 |a Wheat-growing in Canada, the United States and the Argentine :  |b including comparisons with other areas /  |c by W. P. Rutter. Containing fifteen diagrammatic maps and thirty-three charts in the text. 
264 1 |a London :  |b A. and C. Black,  |c 1911. 
300 |a x, 315 pages :  |b diagrams (1 folded) charts (1 folded) ;  |c 21 cm. 
336 |a text  |b txt  |2 rdacontent 
337 |a unmediated  |b n  |2 rdamedia 
338 |a volume  |b nc  |2 rdacarrier 
504 |a Bibliography: pages 303-308. 
650 0 |a Wheat  |z Canada. 
650 0 |a Wheat  |z United States. 
650 0 |a Wheat  |z Argentina. 
999 |a MARS 
999 f f |s 482dc2b9-f3a4-3662-adf6-804bce3993d3  |i 86d64e50-79f0-3d06-ab38-8a8ff4581887  |t 0 
952 f f |p ric  |a Texas A&M University  |b Rellis Campus  |c Joint Library Facility  |d Remote Storage  |t 0  |e HD9049.W4 R8  |h Library of Congress classification  |i unmediated -- volume  |m A14801072489 
998 f f |a HD9049.W4 R8  |t 0  |l Remote Storage